000 01262cam a2200337 i 4500
001 67794
003 Mx-PuUPA
005 20240920101501.0
008 180813s2017 mau||||gr|||| 001 0 eng d
020 _a9781633693029
_qrústica
040 _aMx-PuUPA
_bspa
_cMx-PuUPA
_dMx-PuUPA
_erda
041 0 _aeng
245 0 0 _aHBR's 10 must reads for new managers /
_ccolaboradores, Linda A. Hill, Michael D. Walker, Erin Reid [y otros 11]
246 3 3 _aHBR's ten must reads for new managers
246 3 0 _aFor new managers
264 1 _aBoston, Massachusetts :
_bHarvard Business Publishing Corporation,
_c©2017
300 _av, 188 páginas ;
_c21 cm
336 _2rdacontent
_atexto
_btxt
337 _2rdamedia
_asin medio
_bn
338 _2rdacarrier
_avolumen
_bnc
490 0 _aHBR's 10 must reads series
500 _a"If you read nothing else on becoming a new manager, read these definitive articles from Harvard Business Review". -- Cubierta
650 7 _aAdministración
_2armarc
650 7 _aLiderazgo
_2armarc
700 1 _aHill, Linda A.,
_ecolaborador
700 1 _aWalker, Michael D.,
_ecolaborador
700 1 _aReid, Erin,
_ecolaborador
942 _2ddc
_cLI
_h658
_iH43
999 _c67794
_d67794